[Event "Tres Cantos op 11th"]
[Site "Tres Cantos"]
[Date "2019.06.26"]
[Round "5"]
[White "Estevez Sacristan, Deva"]
[Black "Perez Ordonez, Jose Ramon"]
[Result "0-1"]
[WhiteElo "1994"]
[BlackElo "2126"]
[PlyCount "120"]
[EventDate "2019.06.22"]
[EventType "swiss"]
[EventRounds "9"]
[EventCountry "ESP"]
[SourceTitle "CBM 195 Extra"]
[Source "ChessBase"]
[SourceDate "2020.05.31"]
[SourceVersion "1"]
[SourceVersionDate "2020.05.31"]
[SourceQuality "1"]

1. e4 e5 2. Nf3 Nc6 3. Bb5 a6 4. Ba4 Nf6 5. 0-0 Be7 6. Re1 b5 7. Bb3 d6 8. c3 0-0 9. h3 Na5 10. Bc2 c5 11. d4 Nd7 12. Nbd2 exd4 13. cxd4 Nc6 14. Nf1 Bf6 15. d5 Nd4 16. Nxd4 Bxd4 17. Ng3 g6 18. Rb1 Re8 19. Rf1 Qh4 20. Ne2 Bg7 21. Bf4 Ne5 22. Bg3 Qd8 23. Bxe5 Bxe5 24. f4 Bg7 25. Ng3 a5 26. Qf3 Ra7 27. f5 Bd4+ 28. Kh1 Qg5 29. Ne2 Be5 30. Nc3 Ba6 31. Nd1 b4 32. Rg1 Bd4 33. Nf2 Qd2 34. Ba4 Rd8 35. Ng4 Be2 36. Rgd1 Qxd1+ 37. Bxd1 Bxf3 38. Bxf3 h5 39. Nh2 c4 40. Be2 Rc7 41. Nf3 Bf6 42. Rc1 Bxb2 43. Rxc4 Rxc4 44. Bxc4 Rc8 45. Bb3 Rc1+ 46. Kh2 Bf6 47. fxg6 fxg6 48. Kg3 Kg7 49. Kf4 Ra1 50. Nd2 a4 51. Bc4 Be5+ 52. Ke3 Bc3 53. Nf3 Kf6 54. h4 Rb1 55. Kd3 Be5 56. Kc2 Rb2+ 57. Kc1 Rxg2 58. Kd1 Bc3 59. Kc1 Rf2 60. Ng1 Ke5 0-1